[Event "Saarland-ch C"]
[Site "Saarlouis Steinrausch"]
[Date "2005.03.19"]
[Round "2"]
[White "Gindorf, Jan Hendrik"]
[Black "Ludwig, Lisa"]
[Result "0-1"]
[WhiteElo "984"]
[BlackElo "1303"]
[PlyCount "64"]
[EventDate "2005.03.18"]
[EventType "swiss"]
[EventRounds "9"]
[EventCountry "GER"]
[SourceTitle "EXT 2012"]
[Source "ChessBase"]
[SourceDate "2011.11.24"]
[SourceVersion "1"]
[SourceVersionDate "2011.11.24"]
[SourceQuality "1"]

1. e4 e6 2. d4 d5 3. e5 c5 4. Be3 Qb6 5. b3 Nc6 6. Nf3 Bd7 7. c4 cxd4 8. Nxd4 Bb4+ 9. Ke2 Nxd4+ 10. Qxd4 Qxd4 11. Bxd4 dxc4 12. bxc4 a6 13. Nc3 Rc8 14. Kd1 Ne7 15. Rb1 a5 16. Nb5 Bxb5 17. cxb5 Rd8 18. a3 Bxa3 19. Rb3 Rxd4+ 20. Kc2 Bb4 21. Bd3 0-0 22. Rd1 Rc8+ 23. Kb1 Rd5 24. f4 Rdc5 25. Be4 b6 26. Bb7 Rf8 27. Rbd3 h6 28. Be4 g6 29. Rd8 Rxd8 30. Rxd8+ Kg7 31. Bc6 Nxc6 32. bxc6 Rxc6 0-1

[Event "Saarland-ch C"]
[Site "Saarlouis Steinrausch"]
[Date "2005.03.18"]
[Round "1"]
[White "Gergs, Raphael"]
[Black "Gindorf, Jan Hendrik"]
[Result "1-0"]
[WhiteElo "1487"]
[BlackElo "984"]
[PlyCount "25"]
[EventDate "2005.03.18"]
[EventType "swiss"]
[EventRounds "9"]
[EventCountry "GER"]
[SourceTitle "EXT 2012"]
[Source "ChessBase"]
[SourceDate "2011.11.24"]
[SourceVersion "1"]
[SourceVersionDate "2011.11.24"]
[SourceQuality "1"]

1. e4 e5 2. Nf3 Nc6 3. Bc4 Nge7 4. Ng5 d5 5. exd5 Nxd5 6. Nxf7 Kxf7 7. Qf3+ Ke6 8. Nc3 Ncb4 9. a3 Nxc2+ 10. Kd1 Nxa1 11. Bxd5+ Ke7 12. Qf7+ Kd6 13. Ne4# 1-0